header

A financial history of modern U.S. corporate scandals (Record no. 140613)

MARC details
000 -LEADER
fixed length control field 01666nam a22003734a 4500
082 04 - DEWEY DECIMAL CLASSIFICATION NUMBER
Classification number 364.16/8/0973
100 1# - MAIN ENTRY--AUTHOR NAME
Personal name Markham, Jerry W.
245 12 - TITLE STATEMENT
Title A financial history of modern U.S. corporate scandals
260 ## - PUBLICATION, DISTRIBUTION, ETC. (IMPRINT)
Place of publication Armonk, N.Y. :
Name of publisher M.E. Sharpe,
Year of publication c2006.
300 ## - PHYSICAL DESCRIPTION
Number of Pages xviii, 742 p., [8] p. of plates :
Other physical details ill.
505 0# - FORMATTED CONTENTS NOTE
Formatted contents note The stock market bubble and Enron -- Full disclosure and the accountants -- Full disclosure fails -- Recovery and reform.
650 #0 - SUBJECT ADDED ENTRY--TOPICAL TERM
Topical Term Corporations
Topical Term Corporations
Topical Term Stock Market Bubble, 1995-2000.
Topical Term Commercial crimes
856 40 - ELECTRONIC LOCATION AND ACCESS
Uniform Resource Identifier http://site.ebrary.com/lib/rucke/Doc?id=10178044

No items available.

© 2026 Rongo University
Contact us: librarian | system librarian | Rongo university